000 00558cam a2200145 4500500
005 20260208002440.0
041 _afre
042 _adc
100 1 0 _aMasset, Claude
_eauthor
245 0 0 _aClaude Calame, Prométhée généticien. Profits techniques et usages de métaphores, Paris, Encre marine, 2010, 203 p., bibl. (« À présent »)
260 _c2011.
500 _a23
786 0 _nL'Homme | 198-199 | 2 | 2011-07-01 | p. 367k-399k | 0439-4216
856 4 1 _uhttps://shs.cairn.info/revue-l-homme-2011-2-page-367k?lang=fr&redirect-ssocas=7080
999 _c1646406
_d1646406